Oceňovanie a účtovanie nepeňažného vkladu do kapitálových fondov vo vybranom podniku bakalárska práca

Salvato in:
Dettagli Bibliografici
Autore principale: Ondruš, Jozef
Ente Autore: Podnikovohospodárska fakulta EU so sídlom v Košiciach. Katedra finančného riadenia podniku
Altri autori: Manová, Eva, 1957-
Natura: Libro
Lingua:slovacco
Pubblicazione: Košice 2025
Tags: Aggiungi Tag
Nessun Tag, puoi essere il primo ad aggiungerne!!

MARC

LEADER 00000nbm a2200000 4500
001 0312238
005 20260204085102.8
041 0 |a slo 
044 |a SK 
245 1 0 |a Oceňovanie a účtovanie nepeňažného vkladu do kapitálových fondov vo vybranom podniku  |b bakalárska práca  |c Jozef Ondruš ; školiteľ: Eva Manová 
264 1 |a Košice  |c 2025 
300 |a 42 s. 
100 1 |a Ondruš, Jozef 
700 1 |a Manová, Eva, 1957- 
710 2 |a Podnikovohospodárska fakulta EU so sídlom v Košiciach. Katedra finančného riadenia podniku